Football by Regions - Central Asia - Statistics

General Stats
  • This quiz has been taken 3 times
  • The average score is 10 of 20
Answer Stats
Picture Answer % Correct
Tractor Sazi
100%
Esteghlal Tehran
67%
FK Arkadag
67%
Foolad
67%
Kairat Almaty
67%
Persepolis
67%
Saipa Tehran
67%
Sepahan Isfahan
67%
Zob Ahan
67%
Dordoi Bishkek
33%
FC Astana
33%
FK Aktobe
33%
FK Tobol
33%
Istiklol Dushanbe
33%
Malavan
33%
Nasaf Qarshi
33%
Neftchi Fergana
33%
Ordabasy Shymkent
33%
Pakhtakor Tashkent
33%
Shakhter Karagandy
33%
No matching quizzes found
Score Distribution
Percent of People with Each Score
Percentile by Number Answered
Your Score History
You have not taken this quiz